000
00302nam a22001337a 4500
008
170516b xxu||||| |||| 00| 0 eng d
020
_a
9780135034392
041
_a
eng
080
_2
12TH
_a
94(7/8)
100
_a
16
101
_a
SHH
245
_a
CORRECTIONS IN AMERICA
_c
ALLEN, H.E
942
_2
udc
_c
BK
999
_c
13399
_d
13399